[Event "Richardson UTD schev"]
[Site "Richardson"]
[Date "2011.03.19"]
[Round "12"]
[White "Zivanic, Marko"]
[Black "Robson, Ray"]
[Result "1/2-1/2"]
[WhiteElo "2497"]
[BlackElo "2522"]
[PlyCount "36"]
[EventDate "2011.03.12"]
[EventType "schev"]
[EventRounds "12"]
[EventCountry "USA"]
[SourceTitle "CBM 141 Extra"]
[Source "ChessBase"]
[SourceDate "2011.05.03"]
[SourceVersion "1"]
[SourceVersionDate "2011.05.03"]
[SourceQuality "1"]
[WhiteTeam "Dallas UT"]
[BlackTeam "Team GM"]
[WhiteTeamCountry "USA"]
[BlackTeamCountry "USA"]

1. d4 d5 2. c4 e6 3. Nf3 Nf6 4. Nc3 c6 5. cxd5 exd5 6. Qc2 Be7 7. Bg5 g6 8. e3 Bf5 9. Bd3 Bxd3 10. Qxd3 Nbd7 11. Bh6 Ng4 12. Bf4 0-0 13. h3 Ngf6 14. 0-0 Re8 15. Rab1 a5 16. Nd2 Nf8 17. Bg5 N6d7 18. Bxe7 Qxe7 1/2-1/2

[Event "Richardson UTD schev"]
[Site "Richardson"]
[Date "2011.03.18"]
[Round "11"]
[White "Panchanathan, Magesh Chandran"]
[Black "Zivanic, Marko"]
[Result "1-0"]
[WhiteElo "2542"]
[BlackElo "2497"]
[PlyCount "97"]
[EventDate "2011.03.12"]
[EventType "schev"]
[EventRounds "12"]
[EventCountry "USA"]
[SourceTitle "CBM 141 Extra"]
[Source "ChessBase"]
[SourceDate "2011.05.03"]
[SourceVersion "1"]
[SourceVersionDate "2011.05.03"]
[SourceQuality "1"]
[WhiteTeam "Team GM"]
[BlackTeam "Dallas UT"]
[WhiteTeamCountry "USA"]
[BlackTeamCountry "USA"]

1. e4 c5 2. Nf3 e6 3. d4 cxd4 4. Nxd4 a6 5. Bd3 Bc5 6. Nb3 Be7 7. 0-0 d6 8. c4 b6 9. Nc3 Bb7 10. Qe2 Nf6 11. Bd2 Nbd7 12. f4 0-0 13. Kh1 Re8 14. Rae1 Bf8 15. Bb1 g6 16. Rf3 Qc7 17. Rh3 h5 18. Bc1 Rac8 19. Nd2 Bg7 20. Rg3 d5 21. e5 Ng4 22. h3 Nh6 23. cxd5 exd5 24. Nb3 Nc5 25. Nd4 Ne6 26. Rd3 b5 27. a3 Qd7 28. Nxe6 Qxe6 29. Ba2 Nf5 30. Qf2 Ne7 31. Red1 Qf5 32. Be3 Red8 33. Bc5 Rd7 34. b4 d4 35. Qf1 h4 36. Kg1 Nc6 37. Ne2 Bf8 38. Qe1 Bxc5 39. bxc5 Qe4 40. Qf2 Rcd8 41. e6 fxe6 42. f5 Ne5 43. fxe6 Nxd3 44. exd7+ Kg7 45. Rxd3 Qxd3 46. Nxd4 Rxd7 47. Ne6+ Kh7 48. Qxh4+ Kg8 49. Nf4+ 1-0

[Event "Richardson UTD schev"]
[Site "Richardson"]
[Date "2011.03.17"]
[Round "8"]
[White "Zivanic, Marko"]
[Black "Shabalov, Alexander"]
[Result "1/2-1/2"]
[WhiteElo "2497"]
[BlackElo "2590"]
[PlyCount "69"]
[EventDate "2011.03.12"]
[EventType "schev"]
[EventRounds "12"]
[EventCountry "USA"]
[SourceTitle "CBM 141 Extra"]
[Source "ChessBase"]
[SourceDate "2011.05.03"]
[SourceVersion "1"]
[SourceVersionDate "2011.05.03"]
[SourceQuality "1"]
[WhiteTeam "Dallas UT"]
[BlackTeam "Team GM"]
[WhiteTeamCountry "USA"]
[BlackTeamCountry "USA"]

1. d4 Nf6 2. c4 g6 3. Nc3 Bg7 4. e4 d6 5. Nf3 0-0 6. Be2 e5 7. Be3 c6 8. d5 Ng4 9. Bg5 f6 10. Bh4 Na6 11. 0-0 h5 12. h3 Nh6 13. Ne1 c5 14. Nd3 g5 15. Bg3 g4 16. f4 f5 17. fxe5 gxh3 18. Qd2 hxg2 19. Kxg2 dxe5 20. Bxe5 Bxe5 21. Qxh6 Bg7 22. Qxh5 Rf6 23. Qg5 Qb6 24. exf5 Bxf5 25. Rxf5 Rg6 26. Nf4 Rxg5+ 27. Rxg5 Nc7 28. Nh5 Ne8 29. Rf1 Qxb2 30. Rf3 Rd8 31. Re3 Kf8 32. Rf5+ Kg8 33. Rg5 Kf8 34. Rf5+ Kg8 35. Rg5 1/2-1/2

[Event "Richardson UTD schev"]
[Site "Richardson"]
[Date "2011.03.15"]
[Round "7"]
[White "Becerra Rivero, Julio"]
[Black "Zivanic, Marko"]
[Result "1/2-1/2"]
[WhiteElo "2549"]
[BlackElo "2497"]
[PlyCount "223"]
[EventDate "2011.03.12"]
[EventType "schev"]
[EventRounds "12"]
[EventCountry "USA"]
[SourceTitle "CBM 141 Extra"]
[Source "ChessBase"]
[SourceDate "2011.05.03"]
[SourceVersion "1"]
[SourceVersionDate "2011.05.03"]
[SourceQuality "1"]
[WhiteTeam "Team GM"]
[BlackTeam "Dallas UT"]
[WhiteTeamCountry "USA"]
[BlackTeamCountry "USA"]

1. e4 c5 2. Nf3 e6 3. d4 cxd4 4. Nxd4 a6 5. Bd3 Bc5 6. Nb3 Be7 7. 0-0 d6 8. Qg4 g6 9. Qe2 Nd7 10. a4 b6 11. c4 h5 12. a5 Rb8 13. Nc3 Ngf6 14. Bd2 h4 15. h3 Rh5 16. Qd1 Nc5 17. Nxc5 bxc5 18. Be2 Rh8 19. Qc2 Bb7 20. Rfd1 Qc7 21. Bf4 Nd7 22. Qa4 Kf8 23. Rd2 Kg7 24. Rad1 Bc6 25. Qa3 Ne5 26. Nd5 exd5 27. cxd5 Bb5 28. Bxb5 Rxb5 29. Bxe5+ dxe5 30. d6 Qxa5 31. Qxa5 Rxa5 32. dxe7 Re8 33. Rd7 Rb5 34. R1d5 f6 35. R5d6 Rb4 36. Rxa6 Rxe4 37. Rdd6 Rf4 38. g3 Rf5 39. g4 Rf4 40. g5 fxg5 41. Rxg6+ Kf7 42. Rh6 Kg7 43. Rag6+ Kf7 44. Rxg5 Rxe7 45. Rh7+ Kf6 46. Rxe7 Kxe7 47. Rxe5+ Kd6 48. Re3 c4 49. Kf1 Kd5 50. Ke2 Kd4 51. b3 cxb3 52. Rxb3 Ke5 53. f3 Ra4 54. Ke3 Kf5 55. Rb5+ Kf6 56. Rd5 Ra3+ 57. Ke4 Ra4+ 58. Rd4 Ra1 59. Kf4 Rg1 60. Ke3 Ra1 61. Rxh4 Kg5 62. Rg4+ Kf5 63. h4 Ra3+ 64. Kf2 Ra2+ 65. Kg3 Ra1 66. Rg5+ Kf6 67. Rb5 Kg6 68. Kg4 Rg1+ 69. Kf4 Ra1 70. Rg5+ Kf6 71. Rf5+ Kg6 72. Re5 Ra4+ 73. Re4 Ra1 74. Rb4 Kh5 75. Rb8 Ra4+ 76. Kg3 Ra1 77. Rh8+ Kg6 78. Kg4 Rg1+ 79. Kf4 Rh1 80. Rg8+ Kf6 81. Rg4 Rh3 82. Ke4 Rh1 83. Rf4+ Kg6 84. Ke5 Re1+ 85. Re4 Ra1 86. Rc4 Kh5 87. Rd4 Re1+ 88. Re4 Rf1 89. f4 Kxh4 90. Kf6 Kh5 91. Re5+ Kh6 92. f5 Ra1 93. Kf7 Ra7+ 94. Re7 Ra8 95. f6 Rb8 96. Ra7 Kh7 97. Rd7 Kh6 98. Rd1 Rb7+ 99. Ke6 Kg6 100. Rg1+ Kh6 101. Rf1 Rb6+ 102. Kd5 Rb8 103. Ke6 Rb6+ 104. Ke5 Rb5+ 105. Kd6 Rb8 106. Rg1 Rb6+ 107. Ke5 Rb5+ 108. Ke4 Rb4+ 109. Kd5 Rb5+ 110. Kd6 Rb6+ 111. Ke5 Rb5+ 112. Kd6 1/2-1/2

[Event "Kingston UWI Masters"]
[Site "Kingston"]
[Date "2010.03.20"]
[Round "8.5"]
[White "Zivanic, Marko"]
[Black "Gareyev, Timur"]
[Result "1/2-1/2"]
[WhiteElo "2476"]
[BlackElo "2590"]
[PlyCount "33"]
[EventDate "2010.03.15"]
[EventType "tourn"]
[EventRounds "9"]
[EventCountry "JAM"]
[EventCategory "2"]
[SourceTitle "CBM 135 Extra"]
[Source "ChessBase"]
[SourceDate "2010.05.04"]
[SourceVersion "1"]
[SourceVersionDate "2010.05.04"]
[SourceQuality "1"]

1. d4 d5 2. c4 e6 3. Nc3 Be7 4. Nf3 Nf6 5. Bg5 h6 6. Bh4 0-0 7. e3 b6 8. Bxf6 Bxf6 9. cxd5 exd5 10. Bd3 Be6 11. 0-0 c5 12. Rc1 Nc6 13. Ne2 Bg4 14. Bb1 Bxf3 15. gxf3 g6 16. b3 Rc8 17. dxc5 1/2-1/2

[Event "Kingston UWI Masters"]
[Site "Kingston"]
[Date "2010.03.19"]
[Round "5.2"]
[White "Zivanic, Marko"]
[Black "Byfield, Geoffrey"]
[Result "1/2-1/2"]
[WhiteElo "2476"]
[BlackElo "2135"]
[PlyCount "85"]
[EventDate "2010.03.15"]
[EventType "tourn"]
[EventRounds "9"]
[EventCountry "JAM"]
[EventCategory "2"]
[SourceTitle "CBM 135 Extra"]
[Source "ChessBase"]
[SourceDate "2010.05.04"]
[SourceVersion "1"]
[SourceVersionDate "2010.05.04"]
[SourceQuality "1"]

1. d4 Nf6 2. c4 c5 3. d5 b5 4. cxb5 a6 5. Bg5 Ne4 6. Bf4 Qa5+ 7. Nd2 axb5 8. Qc2 Nxd2 9. Bxd2 Qb6 10. e4 d6 11. Nf3 Nd7 12. a4 b4 13. Bb5 Ba6 14. Bc6 Rc8 15. a5 Qa7 16. Qa4 f6 17. h4 h5 18. Be3 Rc7 19. Rc1 Kf7 20. e5 Nxe5 21. Nxe5+ fxe5 22. Rh3 e4 23. Be8+ Kg8 24. Bg6 Qb8 25. Bf5 Qb5 26. Qxb5 Bxb5 27. Be6+ Kh7 28. Rg3 Be8 29. Bf5+ g6 30. Bxe4 Bg7 31. Rc2 Ra7 32. f4 Rf8 33. Rf2 Rf5 34. Bxf5 gxf5 35. Bc1 Bf6 36. Rh3 Rxa5 37. b3 Bf7 38. Rd3 Ra1 39. Rc2 Bxh4+ 40. Kd2 Be8 41. Re3 Bf7 42. Rd3 Be8 43. Re3 1/2-1/2

[Event "Dallas UTD-A"]
[Site "Dallas"]
[Date "2009.11.29"]
[Round "9"]
[White "Stopa, Jacek"]
[Black "Zivanic, Marko"]
[Result "1/2-1/2"]
[WhiteElo "2493"]
[BlackElo "2472"]
[PlyCount "31"]
[EventDate "2009.11.21"]
[EventType "tourn"]
[EventRounds "9"]
[EventCountry "USA"]
[EventCategory "10"]
[SourceTitle "CBM 133 Extra"]
[Source "ChessBase"]
[SourceDate "2010.01.05"]
[SourceVersion "1"]
[SourceVersionDate "2010.01.05"]
[SourceQuality "1"]

1. f4 d5 2. Nf3 Nf6 3. g3 c5 4. Bg2 Nc6 5. 0-0 g6 6. d3 Bg7 7. Qe1 d4 8. Na3 0-0 9. Nc4 Nd5 10. Bd2 b6 11. Rb1 Bb7 12. c3 Rc8 13. cxd4 Nxd4 14. Nxd4 Bxd4+ 15. Kh1 Qd7 16. e3 1/2-1/2

[Event "Dallas UTD-A"]
[Site "Dallas"]
[Date "2009.11.26"]
[Round "6"]
[White "Zivanic, Marko"]
[Black "Wang, Puchen"]
[Result "1/2-1/2"]
[WhiteElo "2472"]
[BlackElo "2466"]
[PlyCount "40"]
[EventDate "2009.11.21"]
[EventType "tourn"]
[EventRounds "9"]
[EventCountry "USA"]
[EventCategory "10"]
[SourceTitle "CBM 133 Extra"]
[Source "ChessBase"]
[SourceDate "2010.01.05"]
[SourceVersion "1"]
[SourceVersionDate "2010.01.05"]
[SourceQuality "1"]

1. d4 d5 2. c4 c6 3. cxd5 cxd5 4. Nf3 Nf6 5. Nc3 Nc6 6. Bf4 g6 7. e3 Bg7 8. Bd3 0-0 9. h3 a6 10. Rc1 b5 11. Nxb5 axb5 12. Rxc6 Rxa2 13. 0-0 Bd7 14. Rc2 b4 15. Qb1 Qa5 16. Rc5 Qa4 17. Ne5 Qb3 18. Bc2 Qxb2 19. Qxb2 Rxb2 20. Nd3 Rxc2 1/2-1/2

[Event "Dallas UTD-A"]
[Site "Dallas"]
[Date "2009.11.23"]
[Round "3"]
[White "Zivanic, Marko"]
[Black "Ramirez Alvarez, Alejandro"]
[Result "1/2-1/2"]
[WhiteElo "2472"]
[BlackElo "2547"]
[PlyCount "47"]
[EventDate "2009.11.21"]
[EventType "tourn"]
[EventRounds "9"]
[EventCountry "USA"]
[EventCategory "10"]
[SourceTitle "CBM 133 Extra"]
[Source "ChessBase"]
[SourceDate "2010.01.05"]
[SourceVersion "1"]
[SourceVersionDate "2010.01.05"]
[SourceQuality "1"]

1. d4 d5 2. c4 c6 3. Nf3 Nf6 4. Nc3 a6 5. a4 e6 6. Bg5 a5 7. e3 Be7 8. Bd3 0-0 9. 0-0 Na6 10. Rc1 Nb4 11. Bb1 b6 12. b3 Ba6 13. Bxf6 Bxf6 14. Na2 Nxa2 15. Bxa2 c5 16. Re1 dxc4 17. bxc4 cxd4 18. exd4 Rc8 19. d5 exd5 20. cxd5 Qd6 21. Qd2 g6 22. h4 Qb4 23. Qxb4 axb4 24. Bb3 1/2-1/2

[Event "US Open-110"]
[Site "Indianapolis"]
[Date "2009.08.02"]
[Round "2"]
[White "Yu, Corbin Z"]
[Black "Zivanic, Marko"]
[Result "0-1"]
[WhiteElo "2207"]
[BlackElo "2471"]
[PlyCount "130"]
[EventDate "2009.08.01"]
[EventType "swiss"]
[EventRounds "9"]
[EventCountry "USA"]
[SourceTitle "CBM 131 Extra"]
[Source "ChessBase"]
[SourceDate "2009.09.03"]
[SourceVersion "2"]
[SourceVersionDate "2009.09.16"]
[SourceQuality "1"]

1. Nf3 c5 2. e4 e6 3. d4 cxd4 4. Nxd4 Nc6 5. Nb5 d6 6. c4 Nf6 7. N1c3 a6 8. Na3 Be7 9. Be2 0-0 10. 0-0 Qc7 11. Be3 Ne5 12. Rc1 b6 13. f3 Bb7 14. Qe1 Ned7 15. Qf2 Rac8 16. Rfd1 Bd8 17. b4 Qb8 18. Kh1 Bc7 19. Qg1 Kh8 20. Na4 Ba8 21. c5 b5 22. Nb6 Bxb6 23. cxb6 d5 24. Nxb5 Rxc1 25. Rxc1 axb5 26. Bxb5 dxe4 27. fxe4 Bxe4 28. a4 Ne5 29. Bf1 Nd5 30. Bc5 Rd8 31. Rd1 Nf3 32. gxf3 Bxf3+ 33. Bg2 Bxd1 34. Qxd1 Nxb6 35. Qa1 Nd7 36. Bd4 Qxb4 37. Bxg7+ Kg8 38. Bc3 Qg4 39. h3 Qg6 40. a5 Nc5 41. Qg1 Nd3 42. a6 Qg3 43. Bd4 Nf4 44. Bb7 Ne2 45. Qxg3+ Nxg3+ 46. Kg2 Rxd4 47. a7 Ra4 48. a8Q+ Rxa8 49. Bxa8 Nf5 50. Be4 Kg7 51. Kf2 Kf6 52. Bb1 Kg5 53. Kg1 Kf4 54. Kf2 h6 55. Ba2 Nd6 56. Bb3 e5 57. Bd5 f5 58. Bg2 e4 59. Bf1 Ke5 60. h4 f4 61. h5 f3 62. Kg3 Nf5+ 63. Kh2 e3 64. Bh3 e2 65. Bf1 e1Q 0-1

[Event "US Open-110"]
[Site "Indianapolis"]
[Date "2009.08.02"]
[Round "2"]
[White "Zivanic, Marko"]
[Black "Bercys, Salvijus"]
[Result "1/2-1/2"]
[WhiteElo "2471"]
[BlackElo "2434"]
[PlyCount "74"]
[EventDate "2009.08.01"]
[EventType "swiss"]
[EventRounds "9"]
[EventCountry "USA"]
[SourceTitle "CBM 131 Extra"]
[Source "ChessBase"]
[SourceDate "2009.09.03"]
[SourceVersion "2"]
[SourceVersionDate "2009.09.16"]
[SourceQuality "1"]

1. d4 g6 2. c4 Bg7 3. e4 d6 4. Nc3 e5 5. Be3 Nc6 6. Nge2 exd4 7. Nxd4 Nge7 8. Be2 0-0 9. 0-0 f5 10. Nxc6 bxc6 11. Bd4 Bxd4 12. Qxd4 c5 13. Qd2 Bb7 14. Bf3 Rb8 15. Rae1 f4 16. b3 Nc6 17. e5 Nd4 18. Bxb7 Rxb7 19. exd6 Qxd6 20. Ne4 Qb6 21. f3 Rbb8 22. Nc3 Qd6 23. Rd1 Rbd8 24. Qf2 Rfe8 25. Rfe1 Rxe1+ 26. Rxe1 Ne6 27. h3 Kf7 28. Rd1 Qe5 29. Rxd8 Nxd8 30. Ne4 Ne6 31. Kh2 g5 32. Qd2 Qd4 33. Qc2 Kg7 34. Nc3 Qe5 35. Ne4 Qd4 36. Nc3 Qe5 37. Ne4 Qd4 1/2-1/2

[Event "North American op 27th"]
[Site "Stillwater"]
[Date "2009.05.25"]
[Round "7"]
[White "Zivanic, Marko"]
[Black "Steiner, Tim C"]
[Result "1-0"]
[WhiteElo "2459"]
[BlackElo "2132"]
[PlyCount "55"]
[EventDate "2009.05.23"]
[EventType "swiss"]
[EventRounds "7"]
[EventCountry "USA"]
[SourceTitle "CBM 130 Extra"]
[Source "ChessBase"]
[SourceDate "2009.07.02"]
[SourceVersion "2"]
[SourceVersionDate "2009.07.15"]
[SourceQuality "1"]

1. d4 f5 2. g3 Nf6 3. Bg2 e6 4. Nh3 c6 5. c4 d5 6. 0-0 Bd6 7. Bf4 Be7 8. Qc2 h6 9. Bxb8 Rxb8 10. Nf4 0-0 11. Nd2 Bd7 12. Nf3 Rc8 13. Ne5 g5 14. Nfg6 Re8 15. c5 Kg7 16. f3 Nh7 17. Nxe7 Rxe7 18. e4 Qf8 19. Bh3 Nf6 20. exf5 exf5 21. Bxf5 Bxf5 22. Qxf5 Qe8 23. f4 Ne4 24. fxg5 hxg5 25. Rae1 Rxe5 26. dxe5 Rc7 27. e6 Re7 28. Rxe4 1-0

[Event "North American op 27th"]
[Site "Stillwater"]
[Date "2009.05.23"]
[Round "1"]
[White "Zivanic, Marko"]
[Black "Lin, Kenny L"]
[Result "1-0"]
[WhiteElo "2459"]
[BlackElo "1886"]
[PlyCount "65"]
[EventDate "2009.05.23"]
[EventType "swiss"]
[EventRounds "7"]
[EventCountry "USA"]
[SourceTitle "CBM 130 Extra"]
[Source "ChessBase"]
[SourceDate "2009.07.02"]
[SourceVersion "2"]
[SourceVersionDate "2009.07.15"]
[SourceQuality "1"]

1. d4 d5 2. c4 e6 3. Nc3 Nf6 4. cxd5 exd5 5. Bg5 c6 6. Qc2 h6 7. Bh4 Be6 8. e3 Nbd7 9. Bd3 Be7 10. Nf3 c5 11. dxc5 Nxc5 12. Bb5+ Ncd7 13. Rd1 Rc8 14. 0-0 0-0 15. Qe2 a6 16. Bxd7 Qxd7 17. e4 Rfe8 18. e5 Nh5 19. Bxe7 Qxe7 20. Rd4 g6 21. Qd2 Kh7 22. Nxd5 Bxd5 23. Rxd5 Red8 24. Rd6 f6 25. Rd1 Rxd6 26. exd6 Qd7 27. Re1 Qf5 28. Re7+ Ng7 29. h3 Rc2 30. Qe3 Rc6 31. d7 Rd6 32. Rxg7+ Kxg7 33. Qe7+ 1-0

[Event "Bosnjaci op 14th"]
[Site "Bosnjaci"]
[Date "2009.01.07"]
[Round "7"]
[White "Zivanic, Marko"]
[Black "Dejanovic, Mladen"]
[Result "1-0"]
[WhiteElo "2463"]
[BlackElo "2067"]
[PlyCount "43"]
[EventDate "2009.01.03"]
[EventType "swiss"]
[EventRounds "9"]
[EventCountry "CRO"]
[SourceTitle "CBM 128 Extra"]
[Source "ChessBase"]
[SourceDate "2009.03.05"]
[SourceVersion "2"]
[SourceVersionDate "2009.03.25"]
[SourceQuality "1"]

1. d4 d5 2. c4 c6 3. Nf3 Nf6 4. Nc3 dxc4 5. a4 Bf5 6. Nh4 Bg6 7. Nxg6 hxg6 8. e4 e6 9. Bxc4 Nbd7 10. Be3 Qc7 11. h3 Bb4 12. Qc2 e5 13. Bxf7+ Kxf7 14. Qb3+ Ke8 15. Qxb4 exd4 16. Qxd4 Qe5 17. Qc4 Rh5 18. f4 Qe7 19. 0-0 Kd8 20. e5 Ne8 21. Rad1 g5 22. e6 1-0

[Event "Bosnjaci op 14th"]
[Site "Bosnjaci"]
[Date "2009.01.03"]
[Round "1"]
[White "Zivanic, Marko"]
[Black "Kadric, Denis"]
[Result "1-0"]
[WhiteElo "2463"]
[BlackElo "1982"]
[PlyCount "105"]
[EventDate "2009.01.03"]
[EventType "swiss"]
[EventRounds "9"]
[EventCountry "CRO"]
[SourceTitle "CBM 128 Extra"]
[Source "ChessBase"]
[SourceDate "2009.03.05"]
[SourceVersion "2"]
[SourceVersionDate "2009.03.25"]
[SourceQuality "1"]

1. d4 Nf6 2. c4 g6 3. Nc3 Bg7 4. e4 d6 5. Nf3 0-0 6. Be2 e5 7. Be3 Nc6 8. d5 Ne7 9. Nd2 Nd7 10. b4 f5 11. f3 f4 12. Bf2 g5 13. c5 Ng6 14. Nc4 Rf6 15. cxd6 cxd6 16. Nb5 Nb6 17. Nxb6 axb6 18. Qb3 Bf8 19. Rc1 Rf7 20. Rc3 Bd7 21. Qc2 Bxb5 22. Bxb5 h5 23. h3 Rg7 24. Be2 Nh8 25. 0-0 Nf7 26. Rc1 Nh6 27. Rc8 Rxc8 28. Qxc8 Qf6 29. Qe6+ Qxe6 30. dxe6 g4 31. hxg4 hxg4 32. fxg4 Nxg4 33. Bxg4 Rxg4 34. Rc8 Kg7 35. Rc7+ Kg8 36. e7 Bxe7 37. Rxe7 f3 38. Rxb7 Rxg2+ 39. Kf1 Rg4 40. Rxb6 Rxe4 41. a4 Rc4 42. Rxd6 Rxb4 43. a5 e4 44. Be1 Ra4 45. Kf2 Ra2+ 46. Bd2 Ra3 47. Re6 Rd3 48. Bb4 Rd4 49. Rb6 Rd1 50. a6 Ra1 51. Bc5 Ra2+ 52. Kg3 Rg2+ 53. Kh3 1-0

[Event "Richardson UTD GM"]
[Site "Richardson"]
[Date "2008.11.29"]
[Round "8"]
[White "Ramirez Alvarez, Alejandro"]
[Black "Zivanic, Marko"]
[Result "1-0"]
[WhiteElo "2533"]
[BlackElo "2465"]
[PlyCount "57"]
[EventDate "2008.11.26"]
[EventType "tourn"]
[EventRounds "9"]
[EventCountry "USA"]
[EventCategory "10"]
[SourceTitle "CBM 127 Extra"]
[Source "ChessBase"]
[SourceDate "2009.01.08"]
[SourceVersion "2"]
[SourceVersionDate "2009.01.28"]
[SourceQuality "1"]

1. c4 c6 2. e4 d5 3. cxd5 cxd5 4. exd5 Nf6 5. Nc3 Nxd5 6. Nf3 e6 7. d4 Nc6 8. Bb5 Be7 9. 0-0 0-0 10. Re1 Bf6 11. Ne4 Nce7 12. Qe2 Nf5 13. Rd1 h6 14. Ng3 Nxg3 15. hxg3 Qb6 16. g4 a6 17. Bd3 Nb4 18. Bb1 Rd8 19. Qe4 Kf8 20. g5 hxg5 21. Bxg5 Bd7 22. Qh7 Nd5 23. Be4 Be8 24. Qh8+ Ke7 25. Qxg7 Bxg5 26. Nxg5 Qd6 27. Re1 Nf4 28. d5 e5 29. Bf5 1-0

[Event "Richardson UTD GM"]
[Site "Richardson"]
[Date "2008.11.29"]
[Round "7"]
[White "Zivanic, Marko"]
[Black "Kudrin, Sergey"]
[Result "0-1"]
[WhiteElo "2465"]
[BlackElo "2553"]
[PlyCount "100"]
[EventDate "2008.11.26"]
[EventType "tourn"]
[EventRounds "9"]
[EventCountry "USA"]
[EventCategory "10"]
[SourceTitle "CBM 127 Extra"]
[Source "ChessBase"]
[SourceDate "2009.01.08"]
[SourceVersion "2"]
[SourceVersionDate "2009.01.28"]
[SourceQuality "1"]

1. d4 Nf6 2. c4 g6 3. Nc3 d5 4. Nf3 Bg7 5. Bg5 Ne4 6. cxd5 Nxg5 7. Nxg5 e6 8. Qd2 exd5 9. Qe3+ Kf8 10. Qf4 Bf6 11. h4 h6 12. Nf3 Be6 13. e3 c6 14. Bd3 Nd7 15. 0-0-0 Qb8 16. Ne2 Qxf4 17. Nxf4 Bg4 18. Be2 Be7 19. Ne1 Nf6 20. Ned3 Bd6 21. Bxg4 Nxg4 22. Rd2 Kg7 23. g3 Rae8 24. Kd1 Nf6 25. Ke2 g5 26. Ng2 Ne4 27. Rdd1 b6 28. Nc1 Re6 29. a3 Rf6 30. Rdf1 Rxf2+ 31. Rxf2 Nxg3+ 32. Kf3 Nxh1 33. Rc2 Ng3 34. Rxc6 Ne4 35. Nd3 Re8 36. hxg5 hxg5 37. Nge1 Re6 38. Nc2 Rf6+ 39. Ke2 g4 40. Nce1 Rh6 41. Ng2 Rh2 42. Nde1 Bg3 43. Rc2 Kf6 44. b4 Kg5 45. a4 Bxe1 46. Kxe1 g3 47. Kf1 Kg4 48. Kg1 Kf3 49. b5 f6 50. Rb2 Ng5 0-1

[Event "Richardson UTD GM"]
[Site "Richardson"]
[Date "2008.11.28"]
[Round "6"]
[White "Becerra Rivero, Julio"]
[Black "Zivanic, Marko"]
[Result "1-0"]
[WhiteElo "2602"]
[BlackElo "2465"]
[PlyCount "81"]
[EventDate "2008.11.26"]
[EventType "tourn"]
[EventRounds "9"]
[EventCountry "USA"]
[EventCategory "10"]
[SourceTitle "CBM 127 Extra"]
[Source "ChessBase"]
[SourceDate "2009.01.08"]
[SourceVersion "2"]
[SourceVersionDate "2009.01.28"]
[SourceQuality "1"]

1. e4 c5 2. Nf3 e6 3. d4 cxd4 4. Nxd4 Nc6 5. Nc3 Qc7 6. Be3 a6 7. Bd3 Nf6 8. 0-0 h5 9. h3 Bd6 10. Nxc6 dxc6 11. f4 e5 12. f5 b5 13. a4 Rb8 14. axb5 axb5 15. Ra7 Rb7 16. Rxb7 Qxb7 17. Bxb5 Ke7 18. Bd3 Qxb2 19. Na4 Qa3 20. Nb6 Bc5 21. Qc1 Qa5 22. Nc4 Qa7 23. Bxc5+ Qxc5+ 24. Qe3 Qxe3+ 25. Nxe3 Nd7 26. Ra1 Nc5 27. Ra5 Nxd3 28. cxd3 f6 29. Ra7+ Bd7 30. Rb7 Rd8 31. Kf2 Kf8 32. Nc4 Be8 33. Ke3 Bf7 34. Nb6 Be8 35. g4 hxg4 36. hxg4 Kg8 37. g5 fxg5 38. Nc4 Rd7 39. Rb8 Re7 40. Nd6 Kf8 41. Kf3 1-0

[Event "Richardson UTD GM"]
[Site "Richardson"]
[Date "2008.11.28"]
[Round "5"]
[White "Zivanic, Marko"]
[Black "Wang, Puchen"]
[Result "0-1"]
[WhiteElo "2465"]
[BlackElo "2450"]
[PlyCount "78"]
[EventDate "2008.11.26"]
[EventType "tourn"]
[EventRounds "9"]
[EventCountry "USA"]
[EventCategory "10"]
[SourceTitle "CBM 127 Extra"]
[Source "ChessBase"]
[SourceDate "2009.01.08"]
[SourceVersion "2"]
[SourceVersionDate "2009.01.28"]
[SourceQuality "1"]

1. d4 d5 2. c4 c6 3. Nf3 Nf6 4. Nc3 dxc4 5. a4 Na6 6. e3 Bg4 7. Bxc4 e6 8. h3 Bh5 9. 0-0 Nb4 10. Qe2 Be7 11. Rd1 0-0 12. e4 Bxf3 13. gxf3 Qa5 14. f4 Rad8 15. Be3 Rfe8 16. Kh1 g6 17. Rg1 Qh5 18. Qf1 Nc2 19. Rd1 Bb4 20. Be2 Qa5 21. Rg5 Qb6 22. Qg2 Bxc3 23. bxc3 Nxe3 24. fxe3 Qb2 25. Bd3 Qxc3 26. h4 Qb3 27. Rd2 Qa3 28. h5 Qc1+ 29. Kh2 Qe1 30. Re2 Qh4+ 31. Kg1 Nxh5 32. Rf2 c5 33. Be2 Nf6 34. Rxc5 Rc8 35. Rg5 Rc1+ 36. Bf1 Rec8 37. Rb5 Ng4 38. Re2 R8c3 39. Rxb7 Nxe3 0-1

[Event "USA tt"]
[Site "ICC INT"]
[Date "2008.10.01"]
[Round "6"]
[White "Ehlvest, Jaan"]
[Black "Zivanic, Marko"]
[Result "1/2-1/2"]
[WhiteElo "2603"]
[BlackElo "2477"]
[PlyCount "124"]
[EventDate "2008.10.22"]
[EventType "team"]
[EventRounds "10"]
[EventCountry "USA"]
[SourceTitle "CBM 126 Extra"]
[Source "ChessBase"]
[SourceDate "2008.11.05"]
[SourceVersion "1"]
[SourceVersionDate "2008.11.05"]
[SourceQuality "1"]

1. c4 c5 2. Nf3 g6 3. d4 cxd4 4. Nxd4 Nc6 5. e4 Nf6 6. Nc3 Nxd4 7. Qxd4 d6 8. Be3 Bg7 9. f3 0-0 10. Qd2 a5 11. Be2 a4 12. 0-0 Qa5 13. Rfc1 Be6 14. Rab1 Rfc8 15. b4 axb3 16. axb3 Qb4 17. Rc2 Nd7 18. Nd5 Qxd2 19. Rxd2 Bxd5 20. Rxd5 Ra2 21. Kf1 Nc5 22. Bd1 Be5 23. b4 Ne6 24. Bb3 Ra3 25. g3 Bc3 26. Rb5 Bd4 27. Bd2 Rc7 28. f4 Ba7 29. Ra5 Rxa5 30. bxa5 b6 31. Bd1 bxa5 32. Bxa5 Rxc4 33. Rb7 Rc1 34. Ke2 Bg1 35. f5 Nd4+ 36. Kd2 Rc8 37. Bc3 Nc6 38. Ba4 Bd4 39. Bxd4 Nxd4 40. Rxe7 gxf5 41. Kd3 Ne6 42. Bd7 fxe4+ 43. Kxe4 Rc5 44. Bxe6 Re5+ 45. Kf4 Rxe6 46. Rd7 Kg7 47. g4 h6 48. h4 Kg6 49. Rd8 Kf6 50. Rd7 Kg6 51. Rd8 Kg7 52. Kf3 Kf6 53. Rd7 Kg6 54. Kf4 Rf6+ 55. Kg3 h5 56. g5 Re6 57. Kf4 f6 58. Rd8 Kg7 59. Rd7+ Kg6 60. Rd8 Kg7 61. Rd7+ Kg6 62. Rd8 Kg7 1/2-1/2

[Event "Kavala op 17th"]
[Site "Kavala"]
[Date "2008.08.05"]
[Round "7"]
[White "Zubarev, Alexander2222"]
[Black "Zivanic, Marko"]
[Result "1/2-1/2"]
[WhiteElo "2517"]
[BlackElo "2477"]
[PlyCount "72"]
[EventDate "2008.07.31"]
[EventType "swiss"]
[EventRounds "9"]
[EventCountry "GRE"]
[SourceTitle "CBM 125 Extra"]
[Source "ChessBase"]
[SourceDate "2008.09.01"]
[SourceVersion "1"]
[SourceVersionDate "2008.09.01"]
[SourceQuality "1"]

1. d4 d5 2. c4 c6 3. Nf3 Nf6 4. e3 Bg4 5. h3 Bxf3 6. Qxf3 e6 7. Nc3 Nbd7 8. Bd3 Bd6 9. cxd5 exd5 10. g4 0-0 11. g5 Ne8 12. h4 Qe7 13. Bd2 Bb4 14. 0-0-0 Nd6 15. Kb1 a5 16. Ne2 f5 17. Bc1 a4 18. Qg2 Nb6 19. f3 Nbc4 20. a3 Ba5 21. Nf4 b5 22. h5 Rfb8 23. e4 fxe4 24. fxe4 Nxe4 25. Ng6 Qe6 26. Bxe4 dxe4 27. d5 cxd5 28. Nf4 Qf5 29. Nxd5 e3+ 30. Ka1 Qe6 31. Nf4 Qe5 32. Ng6 Qe6 33. Nf4 Qe5 34. Ng6 Qe6 35. Nf4 Qe5 36. Ng6 Qe6 1/2-1/2